| 000 | 00622nmm a2200193Ia 4500 | ||
|---|---|---|---|
| 008 | 251105s9999||||xx |||||||||||||||||und|| | ||
| 020 | _a9788416515394 | ||
| 041 | _aspa | ||
| 100 | _aMosse, George L. | ||
| 245 | 0 |
_aSoldados caídos : _b La transformación de la memoria de las guerras mundiales |
|
| 264 |
_a[Madrid, España] : _bPrensas Universitarias de Zaragoza, _c2016 |
||
| 300 | _a320 páginas | ||
| 490 | _aCiencias sociales | ||
| 650 | _aHistory (General) | ||
| 700 | _aMosse, George L. | ||
| 700 | 1 | _a Alcalde Fernández, Ángel | |
| 856 | _uhttps://public.digitaliapublishing.com/a/59248 | ||
| 942 | _cCF | ||
| 999 |
_c69104 _d69104 |
||